Lo mejor de Enrique Bátiz : Manuel M. Ponce /

Manuel María Ponce (1882-1948), compositor mexicano nacido en Fresnillo, Zacatecas. Fundador del nacionalismo musical mexicano. En su producción musical destacan dos períodos: uno romántico, que viene a cerrar el capítulo de los compositores anteriores, y otro moderno, iniciado con su viaje a París...

Πλήρης περιγραφή

Αποθηκεύτηκε σε:
Λεπτομέρειες βιβλιογραφικής εγγραφής
Κύριος συγγραφέας: Bátiz, Enrique (dir. musical)
Συγγραφή απο Οργανισμό/Αρχή: Orquesta Sinfónica del Estado de México (ejecución musical)
Άλλοι συγγραφείς: Ponce, Manuel M. (música) (música), Osorio, Jorge Federico (ejecución musical) (ejecución musical), Zuk, Eva María (ejecución musical) (ejecución musical), Díez de Urdanivia, Fernando (texto del folleto) (texto del folleto)
Μορφή: Ηχητικό
Έκδοση: Cuernavaca, México : Luzam, 2000, c2000
Σειρά:(Lo Mejor de Enrique Bátiz)
Θέματα:
Ετικέτες: Προσθήκη ετικέτας
Δεν υπάρχουν, Καταχωρήστε ετικέτα πρώτοι!

MARC

LEADER 00000njm^a2200000^a^4500
001 000186837
005 20251020000000.0
009 20260310102240.267
037 |a Acervo ITESO - Biblioteca 
041 |a SON 
082 |a 784. 972  |b BAT V. 4 
100 |a Bátiz, Enrique  |e (dir. musical) 
240 1 1 |a [Lo mejor de Enrique Bátiz] 
240 1 1 |a [Concierto para piano y orquesta, de Manuel M. Ponce] 
240 1 1 |a [Balada mexicana] 
240 1 1 |a [Gavota, de Manuel M. Ponce] 
240 1 1 |a [Poema elegíaco, de Manuel M. Ponce] 
240 1 1 |a [Danza de los antiguos mexicanos] 
240 1 1 |a [Chapultepec, de Manuel M. Ponce] 
245 1 0 |a Lo mejor de Enrique Bátiz :  |b Manuel M. Ponce /  |c Dir. musical E. Bátiz ; música de M.M. Ponce ; ejecución musical de la Orquesta Sinfónica del Estado de México ; piano J.F. Osorio, E.M. Zuk ; texto del folleto de F. Díez de Urdanivia. 
264 4 |a Cuernavaca, México :  |b Luzam,  |c 2000, c2000 
300 |a 1 disco compacto sonoro (61 min.) +  |e 1 folleto (3 p.) 
336 |a música interpretada  |b prm  |2 rdacontenido 
337 |a audio  |b s  |2 rdamedio 
338 |a disco sonoro  |b sd  |2 rdasoporte 
440 1 |a (Lo Mejor de Enrique Bátiz) 
520 |a Manuel María Ponce (1882-1948), compositor mexicano nacido en Fresnillo, Zacatecas. Fundador del nacionalismo musical mexicano. En su producción musical destacan dos períodos: uno romántico, que viene a cerrar el capítulo de los compositores anteriores, y otro moderno, iniciado con su viaje a París de 1925. Premio Nacional de Artes y Ciencias de 1948. Estudió en la ciudad de México, en el Conservatorio Stern de Berlín, en Italia trabajó en composición con Marco Enrico Bossi, en París cursó estudios en la Ecole Normale de Marique con el compositor francés Paul Dukas. En la década de 1920, Ponce abandonó el suave estilo de salón vigente en México en aquella época y comenzó a servirse de un lenguaje impresionista con estructuras concisas y técnicas de contrapunto. Su obra abarca música orquestal, de cámara y de piano, así como de canciones, entre las que destaca Estrellita (1914); dos sonatas para violín y para violonchelo con piano, piezas para trío y 50 canciones populares. Las obras para guitarra, en especial Folias de España, así como los 24 preludios y las 5 sonatas, se han convertido en clásicos del repertorio moderno del instrumento. 
649 |a XX 
650 |a Músicos Mexicanos 
650 |a Artistas Mexicanos 
650 |a Nacionalismo en la Música -  |z México 
650 |a Nacionalismo en el Arte -  |z México 
650 |a Música Romántica -  |z México 
650 |a Música de Concierto -  |z México 
650 |a Música Mexicana -  |y Siglo XX 
650 |a Osorio, Jorge Federico 
650 |a Zuk, Eva María 
650 |a Bátiz, Enrique 
600 |a Ponce, Manuel M. 
710 |a Orquesta Sinfónica del Estado de México  |e (ejecución musical) 
700 |a Ponce, Manuel M.  |e (música) 
700 |a Osorio, Jorge Federico  |e (ejecución musical) 
700 |a Zuk, Eva María  |e (ejecución musical) 
700 |a Díez de Urdanivia, Fernando  |e (texto del folleto) 
910 |a Fondo General 
920 |a Sonoros - CDs 
940 |a CDs de Música 
905 |a 401 
901 |a 0500128734  |b IT2  |c CDM  |u 20250521 
901 |a 0500128775  |b IT2  |c MIM  |u 20251020 
902 |a https://opac.biblio.iteso.mx/vufind/Record/000186837